Darkthrone albums - Statistics

General Stats
  • This quiz has been taken 60 times
    54 since last reset
  • The average score is 9 of 17
Answer Stats
Year Album % Correct
1992 A Blaze in the Northern Sky
91%
1991 Soulside Journey
80%
1993 Under a Funeral Moon
80%
1995 Panzerfaust
77%
1994 Transilvanian Hunger
74%
1996 Total Death
60%
2007 F.O.A.D.
57%
2018 Old Star
57%
2016 Arctic Thunder
51%
1999 Ravishing Grimness
46%
2010 Circle the Wagons
43%
2008 Dark Thrones and Black Flags
40%
2003 Hate Them
40%
2006 The Cult Is Alive
37%
2013 The Underground Resistance
37%
2001 Plaguewielder
34%
2004 Sardonic Wrath
31%
No matching quizzes found
Score Distribution
Percent of People with Each Score
Percentile by Number Answered
Your Score History
You have not taken this quiz since the last reset